Vývoj zaměstanosti starších osob ve vybraných zemích EU
Demografické zmeny a zvyšovanie zamestnanosti starších osôb a predlžovanie pracovného života. Miera zamestnanosti osôb vo veku 55-64 rokov vo vybraných štátoch EÚ v roku 2017. Priemerná dĺžka pracovného života a skutočný vek odchodu do dôchodku. Vývoj zamestnanosti vo veku 55-64 rokov a 65-74 rokov...
Salvato in:
| Autore principale: | |
|---|---|
| Natura: | Capitolo di libro |
| Lingua: | ceco |
| Soggetti: | |
| Tags: |
Nessun Tag, puoi essere il primo ad aggiungerne!!
|
MARC
| LEADER | 00000naa a2200000 4500 | ||
|---|---|---|---|
| 001 | 0258172 | ||
| 005 | 20191121084119.1 | ||
| 041 | 0 | |a cze | |
| 044 | |a CZ | ||
| 245 | 1 | 0 | |a Vývoj zaměstanosti starších osob ve vybraných zemích EU |c Petr Wija |
| 520 | |a Demografické zmeny a zvyšovanie zamestnanosti starších osôb a predlžovanie pracovného života. Miera zamestnanosti osôb vo veku 55-64 rokov vo vybraných štátoch EÚ v roku 2017. Priemerná dĺžka pracovného života a skutočný vek odchodu do dôchodku. Vývoj zamestnanosti vo veku 55-64 rokov a 65-74 rokov v rokoch 2007-2017. Očakávaná dĺžka pracovného života v počte rokov. Očakávaná dĺžka života na starobnom dôchodku. | ||
| 610 | 2 | 0 | |a zamestnanosť |
| 610 | 2 | 0 | |a seniori |
| 610 | 2 | 0 | |a dôchodcovia |
| 610 | 2 | 0 | |a dôchodky starobné |
| 610 | 2 | 0 | |a ženy |
| 610 | 2 | 0 | |a muži |
| 610 | 2 | 0 | |a vek |
| 610 | 2 | 0 | |a Európska únia |
| 100 | 1 | |a Wija, Petr | |